[Event "Match"]
[Site "www.echecsemail.com"]
[Date "2016.05.04"]
[Round "1"]
[White "Mitja"]
[Black "Bojan"]
[WhiteElo "1840"]
[BlackElo "1820"]
[Result "0-1"]
[Round "1"]
1.d4 g6
2.c3 d5
3.e3 a6
4.h3 Bf8g7
5.Ng1f3 Nb8c6
6.Nb1d2 e5
7.Nf3xe5 Nc6xe5
8.dxe5 Bg7xe5
9.Nd2f3 Be5f6
10.Bf1e2 c6
11.Qd1d2 Ng8e7
12.b3 Qd8d6
13.Bc1b2 Bc8e6
14.Nf3d4 Be6d7
15.Ra1d1 Ne7f5
16.Nd4xf5 gxf5
17.Be2f3 O-O-O
18.a4 Rd8e8
19.O-O Rh8g8
20.c4 Bf6xb2
21.Qd2xb2 Re8e5
22.cxd5 cxd5
23.Qb2d4 Bd7c6
24.Bf3h5 Re5e4
25.Qd4d3 Qd6f6
26.Bh5f3 Re4e5
27.Qd3d4 Kb8
28.Rd1d2 Qf6d6
29.Rf1d1 Qd6e6
30.Qd4f4 Rg8d8
31.Qf4h4 Rd8h8
32.Qh4f4 Rh8g8
33.Bf3xd5 Bc6xd5
34.Rd2xd5 f6
35.Rd5d6 Qe6xb3
36.Rd6d8 Rg8xd8
37.Rd1xd8 Kc7
38.Qf4d4 Qb3e6
39.Rd8h8 Qe6e7
40.Qd4c4 Re5c5
41.Qc4f4 Kb6
42.Qf4d4 Kc7
43.Qd4f4 Kb6
44.Qf4d4 Kc7
45.Rh8d8 Rc5c1
{ resign }
0-1

[Event "Match"]
[Site "www.echecsemail.com"]
[Date "2016.05.04"]
[Round "1"]
[White "Mars91"]
[Black "Fangshuo"]
[WhiteElo "1789"]
[BlackElo "2120"]
[Result "0-1"]
[Round "1"]
1.c4 c5
2.Nb1c3 Nb8c6
3.Ng1f3 e6
4.d4 d5
5.e3 cxd4
6.exd4 Ng8e7
7.Bf1e2 Ne7f5
8.cxd5 exd5
9.O-O Bf8e7
10.Be2b5 Bc8e6
11.Bb5xc6 bxc6
12.Nf3e5 Qd8c7
13.Ne5f3 O-O
14.Rf1e1 Qc7b6
15.a4 c5
16.a5 Qb6c7
17.dxc5 Be7xc5
18.Nf3e5 Ra8b8
19.Ne5d3 Bc5d6
20.h3 Rf8e8
21.Qd1a4 Be6d7
22.Qa4c2 Re8xe1
23.Nd3xe1 Nf5d4
24.Qc2d3 Nd4b3
25.Ra1b1 d4
26.Nc3e2 Qc7xa5
27.Ne1f3 Bd7f5
{ resign }
0-1

[Event "Match"]
[Site "www.echecsemail.com"]
[Date "2016.05.04"]
[Round "1"]
[White "Ztornad"]
[Black "Llord"]
[WhiteElo "1770"]
[BlackElo "1790"]
[Result "0-1"]
[Round "1"]
1.e4 e5
2.Bf1c4 Ng8f6
3.Qd1f3 Bf8d6
4.Ng1h3 h6
5.Nb1c3 O-O
6.O-O Nb8c6
7.Nc3b5 Bd6c5
8.d3 a6
9.Nb5c3 Nc6d4
10.Qf3d1 d6
11.Nc3d5 Nf6xd5
12.Bc4xd5 c6
13.Bd5c4 b5
14.Bc4b3 Nd4xb3
15.axb3 Qd8f6
16.Bc1e3 Bc5xe3
17.fxe3 Qf6g6
18.Rf1f3 Bc8g4
19.Qd1e2 Bg4xf3
20.Qe2xf3 a5
21.d4 exd4
22.exd4 d5
23.Nh3f4 Qg6xe4
24.Qf3f2 Ra8e8
25.Ra1f1 a4
26.Nf4d3 Re8e6
27.Rf1e1 Qe4g6
28.Nd3e5 Qg6h5
29.Ne5d7 Rf8e8
30.Nd7e5 f6
31.Ne5d3 Re6xe1
32.Nd3xe1 Qh5d1
33.Kf1 axb3
34.cxb3 g5
35.h3 f5
36.b4 h5
37.g4 hxg4
38.hxg4 fxg4
39.b3 Re8f8
40.Qf2xf8 Kxf8
41.Kf2 g3
42.Kxg3 Qd1xe1
43.Kg4 Qe1xb4
44.Kxg5 Qb4xd4
45.b4 Qd4f2
46.Kg4 Kf7
47.Kg5 d4
48.Kg4 Kf6
49.Kh3 Qf2g1
{ resign }
0-1

[Event "Match"]
[Site "www.echecsemail.com"]
[Date "2016.05.04"]
[Round "1"]
[White "Chapi"]
[Black "Genius7"]
[WhiteElo "2080"]
[BlackElo "1780"]
[Result "1/2-1/2"]
[Round "1"]
1.d4 d5
2.c4 c6
3.Nb1c3 e6
4.Ng1f3 Ng8f6
5.cxd5 exd5
6.Bc1g5 Bf8b4
7.e3 O-O
8.Bf1d3 Nb8d7
9.O-O Rf8e8
10.a3 Bb4xc3
11.bxc3 h6
12.Bg5h4 Qd8a5
13.Qd1c2 b6
14.Nf3e5 Bc8b7
15.Ne5xd7 Nf6xd7
16.e4 Bb7a6
17.f3 Ba6xd3
18.Qc2xd3 Nd7f8
19.c4 Nf8g6
20.Bh4g3 Qa5a6
21.Rf1c1 dxe4
22.fxe4 Ra8d8
23.d5 cxd5
24.exd5 Qa6b7
25.a4 Ng6e5
26.Qd3d4 f6
27.Ra1b1 Qb7d7
28.Rc1e1 Qd7xa4
29.Bg3xe5 fxe5
30.Re1xe5 Re8xe5
31.Qd4xe5 Qa4xc4
32.d6 Qc4c5
33.Qe5xc5 bxc5
34.Rb1b7 Rd8xd6
35.Rb7xa7 Rd6c6
36.Kf2 c4
37.Ra7a2 c3
38.Ra2c2 Kf7
39.Ke3 Ke6
40.Kd3 g5
41.Rc2xc3 Rc6xc3
42.Kxc3 Kf5
43.Kd3 Kf4
44.Ke2 h5
45.Kf2 g4
46.g3 { draw }
1/2-1/2

[Event "Match"]
[Site "www.echecsemail.com"]
[Date "2016.05.04"]
[Round "1"]
[White "Chessexpert"]
[Black "Babedad"]
[WhiteElo "1640"]
[BlackElo "1499"]
[Result "0-1"]
[Round "1"]
1.e4 e6
2.d4 d5
3.exd5 exd5
4.Bf1d3 Bf8d6
5.Ng1f3 Ng8e7
6.O-O Bc8f5
7.Rf1e1 O-O
8.Bd3xf5 Ne7xf5
9.c3 h6
10.Qd1d3 Nf5e7
11.Nf3e5 c6
12.Nb1d2 Nb8d7
13.Nd2f3 Nd7f6
14.h3 Nf6e4
15.Bc1f4 f6
{ resign }
0-1

[Event "Match"]
[Site "www.echecsemail.com"]
[Date "2016.05.04"]
[Round "1"]
[White "Nimzo"]
[Black "Johndyson"]
[WhiteElo "2810"]
[BlackElo "2500"]
[Result "1/2-1/2"]
[Round "1"]
1.d4 d5
2.c4 c6
3.Ng1f3 Ng8f6
4.Nb1c3 e6
5.Bc1g5 h6
6.Bg5xf6 Qd8xf6
7.e3 Nb8d7
8.Bf1d3 dxc4
9.Bd3xc4 Bf8d6
10.O-O Qf6e7
11.Nc3e4 O-O
12.Ne4xd6 Qe7xd6
13.Ra1c1 b6
14.Qd1e2 a5
15.Rf1d1 Bc8b7
16.Bc4d3 Ra8c8
17.a3 Rf8d8
18.Bd3a6 Bb7xa6
19.Qe2xa6 Qd6b8
20.Rd1d2 c5
21.Rd2c2 Qb8d6
22.h3 Rc8a8
23.Qa6b5 a4
24.Rc1d1 Qd6b8
25.Rc2d2 Nd7f6
26.dxc5 Rd8xd2
27.Rd1xd2 bxc5
28.Qb5xb8 Ra8xb8
29.Nf3e5 Nf6e4
30.Rd2c2 f6
31.Ne5c4 f5
32.Kf1 g5
33.Ke2 Kf8
34.Nc4e5 { draw }
1/2-1/2

[Event "Match"]
[Site "www.echecsemail.com"]
[Date "2016.05.04"]
[Round "1"]
[White "Afrikanu007"]
[Black "Caspito"]
[WhiteElo "1789"]
[BlackElo "1730"]
[Result "0-1"]
[Round "1"]
1.e4 e5
2.Ng1f3 Nb8c6
3.Bf1c4 Nc6d4
4.c3 Nd4xf3
5.Qd1xf3 Qd8f6
6.Qf3e3 Ng8h6
7.h3 Bf8e7
8.b4 c6
9.Bc1a3 b5
10.Bc4b3 O-O
11.O-O Qf6g6
12.Ba3c1 d5
13.exd5 Nh6f5
14.Qe3d3 Bc8b7
15.Rf1e1 c5
16.Bb3c2 Nf5h4
17.Qd3xg6 fxg6
18.f3 Bb7xd5
19.Bc2e4 Bd5xe4
20.Re1xe4 Rf8f5
21.d4 Ra8d8
22.bxc5 a5
23.a3 Be7f6
24.Bc1e3 g5
25.Nb1d2 h5
26.Ra1b1 exd4
27.Be3xd4 b4
28.axb4 axb4
29.Rb1xb4 Kf7
30.c6 Rd8c8
31.Bd4xf6 gxf6
32.Rb4b7 Kg6
33.Re4c4 Rf5a5
34.Nd2e4 Ra5a1
35.Kf2 Ra1a2
36.Ke3 Nh4xg2
37.Kd4 Ng2f4
38.Rb7e7 Rc8d8
 { time }
0-1

[Event "Match"]
[Site "www.echecsemail.com"]
[Date "2016.05.04"]
[Round "1"]
[White "Paco"]
[Black "Elogic"]
[WhiteElo "1880"]
[BlackElo "1740"]
[Result "1-0"]
[Round "1"]
1.e4 e5
2.Ng1f3 Nb8c6
3.Bf1c4 Ng8f6
4.Nf3g5 d5
5.Bc4b3 Nf6xe4
6.Ng5xe4 dxe4
7.Qd1h5 g6
8.Qh5e2 Bc8f5
9.d3  { time }
1-0

[Event "Match"]
[Site "www.echecsemail.com"]
[Date "2016.05.04"]
[Round "1"]
[White "Add"]
[Black "Liencam2"]
[WhiteElo "2030"]
[BlackElo "2320"]
[Result "0-1"]
[Round "1"]
1.e4 c5
2.Ng1f3 e6
3.e5 Nb8c6
4.c3 d6
5.exd6 Qd8xd6
6.d4 cxd4
7.Nf3xd4 Nc6xd4
8.Qd1xd4 Qd6xd4
9.cxd4 Ng8f6
10.Bf1b5 Bc8d7
11.Bb5xd7 Nf6xd7
12.Nb1c3 Bf8b4
13.O-O Ra8c8
14.Nc3b5 a6
15.Nb5c3 Bb4xc3
16.bxc3 Rc8xc3
17.Bc1b2 Rc3c4
18.d5 e5
19.Bb2a3 f6
20.Rf1c1 Nd7b6
21.Rc1xc4 Nb6xc4
22.Ra1c1 b5
23.Ba3c5 Kd7
24.g3 Rh8c8
25.Bc5b4 a5
26.Bb4e1 a4
27.Be1b4 Nc4b2
28.Rc1xc8 Kxc8
29.Bb4f8 g6
30.Bf8g7 b4
31.Bg7xf6 Nb2c4
32.f4 b3
33.axb3 axb3
{ resign }
0-1

[Event "Match"]
[Site "www.echecsemail.com"]
[Date "2016.05.04"]
[Round "1"]
[White "Gambitmiau"]
[Black "Elogic"]
[WhiteElo "1870"]
[BlackElo "1870"]
[Result "1-0"]
[Round "1"]
1.e4 e6
2.d4 d5
3.e5 b6
4.Ng1f3 c5
5.Bf1b5 Bc8d7
6.Nb1c3 Bd7xb5
7.Nc3xb5 cxd4
8.Bc1g5 f6
9.exf6 gxf6
10.Nf3e5 fxg5
11.Qd1h5  { time }
1-0

[Event "Match"]
[Site "www.echecsemail.com"]
[Date "2016.05.04"]
[Round "1"]
[White "Pellix84"]
[Black "Difficult"]
[WhiteElo "2010"]
[BlackElo "1890"]
[Result "1-0"]
[Round "1"]
1.d4 Ng8f6
2.c4 e6
3.Ng1f3 d5
4.a3 c5
5.cxd5 exd5
6.e3 Bf8d6
7.Nb1c3 a6
8.Bc1d2 Nb8c6
9.h3 O-O
10.Bf1e2 cxd4
11.Nf3xd4 Nc6xd4
12.exd4 Rf8e8
13.O-O h6
14.Rf1e1 Bd6c7
15.Qd1b3 Qd8d6
16.g3 b5
17.Be2f3 Bc8b7
18.Bd2f4 Qd6d7
19.Bf4xc7 Qd7xc7
20.Nc3xd5 Nf6xd5
21.Bf3xd5 Bb7xd5
22.Qb3xd5 Re8d8
23.Qd5e4 Qc7d7
24.Ra1d1 Ra8c8
25.d5 Rd8e8
26.Qe4d4 Re8xe1
27.Rd1xe1 Rc8c4
28.Qd4d3 Rc4c5
29.d6 Rc5c6
30.Re1e7 Qd7xd6
31.Re7e8 { resign }
1-0

[Event "Match"]
[Site "www.echecsemail.com"]
[Date "2016.05.04"]
[Round "1"]
[White "Ericleo1980"]
[Black "Micheles"]
[WhiteElo "2330"]
[BlackElo "2520"]
[Result "0-1"]
[Round "1"]
1.e4 c6
2.d4 d5
3.Nb1c3 dxe4
4.Nc3xe4 Bc8f5
5.Ne4g3 Bf5g6
6.h4 h6
7.Ng1f3 Nb8d7
8.h5 Bg6h7
9.Bf1d3 Bh7xd3
10.Qd1xd3 Qd8c7
11.Bc1d2 e6
12.c4 Bf8e7
13.O-O-O Ng8f6
14.Kb1 O-O-O
15.Qd3e2 Kb8
16.Bd2c3 Ka8
17.Rh1e1 a6
18.Qe2c2 Rh8e8
19.b4 Nf6g4
20.a4 Nd7b6
21.Qc2a2 Nb6xc4
22.Qa2xc4 Ng4xf2
23.Ng3e4 Nf2xd1
24.Re1xd1 Rd8d5
25.Rd1h1 f6
26.Bc3d2 Re8d8
27.Ne4c3 Rd5d7
28.a5 Qc7g3
29.Nc3a4 Qg3xg2
30.Rh1f1 Kb8
31.Na4b6 Rd7c7
32.Bd2f4 Be7d6
33.Nf3e1 Qg2g4
34.Ne1d3 Rc7e7
35.Bf4e3 Qg4e2
36.Rf1e1 Qe2xh5
37.Nd3f4 Qh5f5
38.Nf4d3 h5
39.Kc1 h4
40.Nb6a4 h3
41.Na4c5 h2
42.Re1h1 Qf5f3
43.Nc5xa6 bxa6
44.Rh1xh2 Qf3xe3
45.Rh2d2 Bd6g3
46.Kc2 Rd8xd4
47.Qc4xa6 Re7b7
48.Kd1 Rb7xb4
49.Qa6xc6 Qe3g1
50.Ke2 Rd4e4
51.Kf3 Re4e3
{ resign }
0-1

[Event "1/128 Finale"]
[Site "www.chess-mail.com"]
[Date "2016.05.04"]
[Round "1"]
[White "Sargentoabel"]
[Black "Gandalf"]
[WhiteElo "1809"]
[BlackElo "1570"]
[Result "1-0"]
[Round "1"]
1.e4 e6
2.d4 d5
3.Nb1c3 Ng8f6
4.e5 Nf6d7
5.f4 c5
6.Ng1f3 a6
7.Bc1e3 Nb8c6
8.Qd1d2 b5
9.a3 Bc8b7
10.Bf1d3 Qd8b6
11.Qd2f2 cxd4
12.Nf3xd4 Nc6xd4
13.Be3xd4 Bf8c5
14.Nc3e2 Bc5xd4
15.Ne2xd4 Ra8c8
16.O-O O-O
17.b4 g6
18.h4 Qb6c7
19.h5 Nd7b6
20.hxg6 hxg6
21.f5 exf5
22.Nd4xf5 Nb6c4
23.Bd3xc4 dxc4
24.Nf5h6 Kg7
25.Qf2f6 Kxh6
26.Kf2 Qc7c6
27.Rf1h1 { resign }
1-0

[Event "1/64 Finale"]
[Site "www.chess-mail.com"]
[Date "2016.05.04"]
[Round "1"]
[White "Traub"]
[Black "Ff333"]
[WhiteElo "1530"]
[BlackElo "1960"]
[Result "0-1"]
[Round "1"]
1.e4 e5
2.Ng1f3 Nb8c6
3.Bf1b5 d6
4.d4 exd4
5.Bb5xc6 bxc6
6.Nf3xd4 Bc8b7
7.Nb1c3 c5
8.Nd4b3 Bb7a6
9.f4 { time. }
0-1

[Event "Eq:Los Tercios-Equipo Juan Diaz : "]
[Site "www.chess-mail.com"]
[Date "2016.05.04"]
[Round "1"]
[White "Astigitana"]
[Black "Lui"]
[WhiteElo "2460"]
[BlackElo "2350"]
[Result "1/2-1/2"]
[Round "1"]
1.d4 Ng8f6
2.c4 e6
3.Nb1c3 Bf8b4
4.Qd1c2 O-O
5.a3 Bb4xc3
6.Qc2xc3 b6
7.Bc1g5 Bc8a6
8.e3 d6
9.Ng1f3 Nb8d7
10.Bf1d3 c5
11.O-O Ra8c8
12.Rf1d1 Qd8c7
13.dxc5 Qc7xc5
14.Ra1c1 d5
15.b4 Qc5c7
16.Bg5xf6 Nd7xf6
17.c5 Ba6xd3
18.Qc3xd3 bxc5
19.Rc1xc5 Qc7b7
20.Rd1c1 Nf6e4
21.Rc5c2 h6
22.Nf3d4 Ne4d6
23.Rc2c5 { draw }
1/2-1/2

[Event "Eq:Equipo Juan Diaz-Slap Shot Mates : "]
[Site "www.chess-mail.com"]
[Date "2016.05.04"]
[Round "1"]
[White "Paaliaq"]
[Black "Ilusion"]
[WhiteElo "2189"]
[BlackElo "2120"]
[Result "1-0"]
[Round "1"]
1.e4 c5
2.Ng1f3 d6
3.d4 cxd4
4.Nf3xd4 Ng8f6
5.Nb1c3 e6
6.g4 h6
7.h4 Nb8c6
8.Rh1g1 d5
9.exd5 Nf6xd5
10.Nc3xd5 Qd8xd5
11.Bf1g2 Qd5a5
12.Bc1d2 Qa5e5
13.Bd2e3 Bc8d7
14.Qd1d2 Nc6xd4
15.Qd2xd4 Qe5xd4
16.Be3xd4 Bd7c6
17.Bg2xc6 bxc6
18.O-O-O c5
19.Bd4c3 f6
20.Rg1e1 Kf7
21.h5 Bf8e7
22.Bc3a5 Rh8b8
23.Rd1d7 Rb8b5
24.Ba5c3 Rb5b8
25.Re1d1 Rb8d8
26.Bc3a5 Rd8xd7
27.Rd1xd7 f5
28.gxf5 exf5
29.Rd7c7 Ke6
30.Ba5d2 Kd6
31.Bd2f4 Ke6
32.c4 a5
33.Bf4e3 Kf6
34.Rc7c6 Ke5
35.f4 { resign }
1-0

[Event "Eq:La Taverne-Los Tercios : "]
[Site "www.chess-mail.com"]
[Date "2016.05.04"]
[Round "1"]
[White "Stevefillion"]
[Black "Terrible"]
[WhiteElo "2370"]
[BlackElo "2330"]
[Result "1/2-1/2"]
[Round "1"]
1.e4 e5
2.Ng1f3 Nb8c6
3.Bf1b5 a6
4.Bb5a4 Ng8f6
5.O-O Bf8e7
6.Qd1e2 b5
7.Ba4b3 d6
8.c3 Bc8g4
9.h3 Bg4xf3
10.Qe2xf3 O-O
11.d3 Nc6a5
12.Bb3c2 c5
13.Rf1e1 Na5c6
14.Nb1d2 Nf6d7
15.Nd2f1 Be7g5
16.Bc1e3 Bg5xe3
{ draw }
1/2-1/2

[Event "Eq:La Taverne-Royal chess : "]
[Site "www.chess-mail.com"]
[Date "2016.05.04"]
[Round "1"]
[White "Traub"]
[Black "Osmundw"]
[WhiteElo "1520"]
[BlackElo "1350"]
[Result "0-1"]
[Round "1"]
1.e4 e5
2.Ng1f3 d6
3.d4 Bc8g4
4.Bf1e2 Ng8f6
5.Nb1c3 c5
6.dxc5 dxc5
7.O-O Nf6xe4
8.Nc3xe4 { time. }
0-1

[Event "Tourn. n8725"]
[Site "www.chess-mail.com"]
[Date "2016.05.05"]
[Round "1"]
[White "Daquata"]
[Black "Azulmarino"]
[WhiteElo "1620"]
[BlackElo "1490"]
[Result "1-0"]
[Round "1"]
1.e4 e5
2.Ng1f3 Nb8c6
3.Bf1c4 Bf8c5
4.c3 Qd8f6
5.O-O h6
6.Rf1e1 d6
7.d4 exd4
8.cxd4 Bc5xd4
9.e5 dxe5
10.Nf3xd4 Qf6g6
11.Nd4xc6 Qg6xc6
12.Qd1e2 Qc6c5
13.Qe2xe5 Qc5xe5
14.Re1xe5 Ng8e7
15.Nb1c3 a6
16.Bc1f4 Bc8d7
17.Ra1e1 b5
18.Re5xe7 Kf8
19.Re7xf7 Kg8
20.Rf7xd7 Kf8
21.Bc4d5 Ra8c8
22.Rd7xc7 Rc8e8
23.Bf4d6 Re8e7
24.Rc7xe7 g5
25.Re7h7 { resign }
1-0

[Event "Tourn. n8714"]
[Site "www.chess-mail.com"]
[Date "2016.05.05"]
[Round "1"]
[White "Roque1"]
[Black "Maredocla"]
[WhiteElo "2090"]
[BlackElo "2100"]
[Result "0-1"]
[Round "1"]
1.e4 c5
2.Ng1f3 Nb8c6
3.Bf1b5 Qd8b6
4.Bb5e2 g6
5.b3 Bf8g7
6.Nb1c3 Nc6d4
7.Nc3d5 Qb6d8
8.c3 Nd4e6
9.O-O Ng8f6
10.Nd5xf6 { time. }
0-1

[Event "Tourn. n8761"]
[Site "www.chess-mail.com"]
[Date "2016.05.05"]
[Round "1"]
[White "Bojan"]
[Black "Mitja"]
[WhiteElo "1850"]
[BlackElo "1890"]
[Result "0-1"]
[Round "1"]
1.g3 d5
2.Bf1g2 e6
3.d3 c6
4.a3 h6
5.Ng1f3 Ng8f6
6.Nb1c3 Nb8d7
7.e3 Nd7b6
8.Qd1e2 Bf8e7
9.Bc1d2 Qd8c7
10.b3 Nb6d7
11.b4 b6
12.d4 Bc8b7
13.Nc3a4 Nf6e4
14.Bd2c1 a5
15.b5 cxb5
16.Qe2xb5 Bb7a6
17.Qb5b3 O-O
18.Bc1b2 Ba6c4
19.Ra1c1 Bc4xb3
20.cxb3 Qc7b7
21.O-O Ra8c8
22.Rc1b1 b5
23.Na4c5 Nd7xc5
24.Nf3e5 Ne4d2
{ resign }
0-1

[Event "Tourn. n8728"]
[Site "www.chess-mail.com"]
[Date "2016.05.05"]
[Round "1"]
[White "Attatroll"]
[Black "Fabos12"]
[WhiteElo "1940"]
[BlackElo "1800"]
[Result "1-0"]
[Round "1"]
1.e4 e5
2.Ng1f3 Nb8c6
3.d4 exd4
4.Bf1c4 h6
5.c3 dxc3
6.Qd1b3 Qd8f6
7.Nb1xc3 Bf8b4
8.O-O Bb4xc3
9.bxc3 Ng8e7
10.e5 Qf6g6
11.Nf3h4 Qg6h5
12.Nh4f3 O-O
13.Rf1e1 Nc6a5
14.Qb3b4 Na5xc4
15.Qb4xc4 Ne7c6
16.Bc1a3 b6
17.Ba3xf8 Kxf8
18.Ra1d1 Qh5f5
19.Nf3d4 Nc6xd4
20.Rd1xd4 c5
21.Rd4f4 Qf5e6
22.Qc4e4 Ra8b8
23.Qe4h7 Qe6g6
24.Qh7xg6 { resign }
1-0

[Event "Tourn. n8732"]
[Site "www.chess-mail.com"]
[Date "2016.05.05"]
[Round "1"]
[White "Umzi"]
[Black "Huw"]
[WhiteElo "2210"]
[BlackElo "2280"]
[Result "0-1"]
[Round "1"]
1.e4 c5
2.Ng1f3 Nb8c6
3.Nb1c3 d6
4.d4 cxd4
5.Nf3xd4 Ng8f6
6.Bf1e2 g6
7.Bc1e3 Bf8g7
8.h3 O-O
9.Qd1d2 a6
10.O-O-O Bc8d7
11.g4 Bd7e6
12.Nd4xe6 fxe6
13.f4 Qd8c7
14.g5 Nf6d7
15.h4 Nc6b4
16.Be3d4 e5
17.fxe5 Nd7xe5
18.a3 Nb4c6
19.Nc3d5 Qc7d8
20.Bd4b6 Qd8d7
21.h5 e6
22.hxg6 hxg6
23.Nd5f6 Bg7xf6
24.gxf6 Rf8xf6
25.Rh1h2 Ra8e8
26.Rd1h1 Ne5f7
27.Qd2c3 Nc6e5
28.Bb6d4 Qd7c6
29.Bd4xe5 dxe5
30.Qc3xe5 Rf6f1
{ resign }
0-1

[Event "Tourn. n8681"]
[Site "www.chess-mail.com"]
[Date "2016.05.05"]
[Round "1"]
[White "Roque1"]
[Black "Coventry"]
[WhiteElo "2000"]
[BlackElo "1860"]
[Result "0-1"]
[Round "1"]
1.e4 c6
2.Ng1f3 d5
3.Nb1c3 Bc8g4
4.Bf1e2 e6
5.O-O Nb8d7
6.d3 Bf8e7
7.Bc1e3 dxe4
8.dxe4 Nd7b6
9.Qd1d4 Qd8xd4
10.Be3xd4 Ng8f6
11.Nf3g5 Bg4xe2
12.Nc3xe2 h6
13.Ng5h3 O-O
14.e5 Nf6d5
15.f4 c5
16.Bd4c3 Nd5e3
17.Rf1c1 Nb6d5
18.Bc3d2 b5
19.b3 Rf8c8
20.Nh3f2 Rc8d8
21.Bd2xe3 { time. }
0-1

[Event "Tourn. n8710"]
[Site "www.chess-mail.com"]
[Date "2016.05.05"]
[Round "1"]
[White "Tevere"]
[Black "Gandalf"]
[WhiteElo "1739"]
[BlackElo "1610"]
[Result "1-0"]
[Round "1"]
1.d4 Ng8f6
2.c4 c5
3.d5 e6
4.Nb1c3 exd5
5.cxd5 d6
6.e4 g6
7.Bf1e2 Bf8g7
8.Ng1f3 O-O
9.O-O a6
10.Rf1e1 b5
11.a3 Rf8e8
12.Be2d3 Bc8g4
13.h3 Bg4xf3
14.Qd1xf3 Nb8d7
15.Bc1f4 Nd7e5
16.Bf4xe5 Re8xe5
17.Ra1d1 Qd8c7
18.Bd3b1 c4
19.Qf3e3 Ra8e8
20.Kf1 h5
21.Bb1c2 Qc7d7
22.Qe3b6 Qd7c8
23.Qb6xd6 Qc8d8
24.Qd6xa6 Qd8d7
25.f4 Re5e7
26.e5 Nf6h7
27.Nc3xb5 { resign }
1-0

[Event "Tourn. n8706"]
[Site "www.chess-mail.com"]
[Date "2016.05.05"]
[Round "1"]
[White "Daquata"]
[Black "Passaroa25"]
[WhiteElo "1700"]
[BlackElo "1650"]
[Result "1-0"]
[Round "1"]
1.e4 c6
2.d4 d6
3.Ng1f3 f6
4.Nb1c3 Nb8d7
5.e5 Nd7b6
6.Bc1f4 Bc8e6
7.Bf1d3 Be6f7
8.O-O Qd8c7
9.Rf1e1 O-O-O
10.exd6 exd6
11.Nc3e4 Bf8e7
12.c4 Nb6d7
13.c5 Bf7d5
14.cxd6 Be7xd6
15.Bf4xd6 Qc7b6
16.Qd1c2 Ng8h6
17.a4 Bd5b3
18.Qc2c3 Nh6f5
19.Ne4xf6 Nf5xd6
20.Nf6xd7 Rd8xd7
21.a5 Nd6b5
22.Qc3xb3 Qb6a6
23.Bd3f5 Nb5d6
24.Bf5xd7 Kxd7
25.Nf3e5 Kc7
26.Re1c1 Qa6b5
27.Qb3xb5 Nd6xb5
28.d5 Kd6
29.Ne5f7 Kxd5
30.Nf7xh8 b6
31.axb6 axb6
32.Ra1a6 Nb5d4
33.Rc1d1 Kc5
34.Rd1xd4 Kxd4
35.Ra6xb6 { resign }
1-0

[Event "Tourn. n8717"]
[Site "www.chess-mail.com"]
[Date "2016.05.05"]
[Round "1"]
[White "Caspito"]
[Black "B0zata"]
[WhiteElo "1720"]
[BlackElo "1799"]
[Result "1/2-1/2"]
[Round "1"]
1.e4 c5
2.c3 d5
3.e5 g6
4.d4 cxd4
5.cxd4 Bf8h6
6.Bf1b5 Bc8d7
7.Qd1b3 Bh6xc1
8.Nb1c3 Bc1g5
9.Qb3xd5 Nb8c6
10.Ng1f3 e6
11.Qd5e4 a6
12.Bb5a4 b5
13.Ba4b3 Ng8h6
14.O-O Nh6f5
15.d5 exd5
16.Qe4xd5 O-O
17.Nc3e4 Nf5e7
18.Qd5c5 Bg5h6
19.Ne4f6 Kh8
20.Ra1d1 Qd8c7
21.Rd1xd7 Qc7b8
22.Rd7xe7 Nc6xe7
23.Qc5xe7 Bh6g7
24.Nf6d7 Qb8d8
25.Qe7xd8 Rf8xd8
26.Nd7f6 Bg7xf6
27.exf6 Ra8a7
28.Nf3g5 Kg8
29.h3 h6
30.Ng5xf7 Ra7xf7
31.g4 Kf8
32.Bb3xf7 Kxf7
33.Rf1c1 Rd8d6
34.Kg2 Kxf6
35.f4 a5
36.Kf3 Rd6d2
37.Rc1c6 Kf7
38.Rc6a6 a4
39.Ra6a7 Kf6
40.b4 Rd2xa2
41.Ra7b7 Ra2a3
42.Ke4 Ra3xh3
43.Rb7xb5 a3
44.Rb5b6 Kf7
45.b5 a2
46.Rb6a6 Rh3b3
47.b6 a1Q
48.Ra6xa1 Rb3xb6
49.Ke5 Rb6b5
50.Kd6 Kf6
51.Ra1a6 h5
52.Kc6 Rb5b1
53.Kd5 Kf7
54.gxh5 Rb1b5
55.Ke4 Rb5xh5
56.Kf3 Kg7
57.Kg4 Rh5f5
58.Ra6b6 Kh6
59.Rb6c6 Rf5b5
60.Rc6e6 Rb5a5
{ draw }
1/2-1/2

[Event "Tourn. n8677"]
[Site "www.chess-mail.com"]
[Date "2016.05.05"]
[Round "1"]
[White "Xkafi"]
[Black "Orhany24"]
[WhiteElo "2010"]
[BlackElo "2110"]
[Result "0-1"]
[Round "1"]
1.c4 d5
2.g3 d4
3.Ng1f3 c5
4.Bf1g2 Nb8c6
5.O-O e5
6.Qd1a4 Bf8d6
7.d3 Ng8e7
8.Bc1g5 O-O
9.Nb1d2 Bc8d7
10.Qa4b5 Ra8b8
11.Qb5b3 h6
12.Bg5xe7 Qd8xe7
13.Nd2e4 f5
14.Ne4d2 Kh8
15.e4 g6
16.exf5 gxf5
17.Nf3h4 Qe7g7
18.Qb3d1 Nc6e7
19.Qd1h5 Bd7e8
20.Qh5e2 Be8d7
21.Qe2h5 b5
22.b3 Qg7g5
23.Qh5e2 Bd7c6
24.Nd2f3 Qg5g7
25.Rf1e1 bxc4
26.dxc4 Rb8e8
27.Nf3xe5 Bc6xg2
28.Kxg2 Kh7
29.Ne5f3 Ne7g6
30.Qe2d3 Ng6f4
{ resign }
0-1

[Event "Tourn. n8724"]
[Site "www.chess-mail.com"]
[Date "2016.05.05"]
[Round "1"]
[White "Roque1"]
[Black "Faerieking"]
[WhiteElo "2110"]
[BlackElo "2270"]
[Result "0-1"]
[Round "1"]
1.e4 e5
2.Ng1f3 Nb8c6
3.Bf1b5 a6
4.Bb5a4 Ng8f6
5.d3 b5
6.Ba4b3 Bf8c5
7.O-O O-O
8.Bc1g5 h6
9.Bg5h4 Bc8b7
10.Bh4xf6 { time. }
0-1

[Event "Tourn. n8681"]
[Site "www.chess-mail.com"]
[Date "2016.05.05"]
[Round "1"]
[White "Coventry"]
[Black "Amaya"]
[WhiteElo "1860"]
[BlackElo "2040"]
[Result "0-1"]
[Round "1"]
1.c4 e6
2.d4 d5
3.Nb1c3 Bf8b4
4.e3 Ng8e7
5.Bc1d2 O-O
6.Ng1f3 c5
7.Bf1e2 cxd4
8.exd4 Bc8d7
9.cxd5 Bb4xc3
10.Bd2xc3 Ne7xd5
11.Qd1d2 a6
12.O-O Nb8c6
13.Nf3e5 Nc6xe5
14.dxe5 Nd5xc3
15.Qd2xc3 Ra8c8
16.Qc3d2 Qd8e7
17.Be2f3 Bd7b5
18.Rf1c1 Rc8d8
19.Qd2e3 Rd8d3
20.Qe3b6 Rd3xf3
21.gxf3 Qe7g5
22.Kh1 Bb5e2
23.Qb6e3 Qg5xe3
24.fxe3 Be2xf3
25.Kg1 Rf8d8
26.Rc1c3 h6
27.Kf2 Bf3e4
28.Ra1e1 Rd8d5
29.Kg3 Rd5d2
30.Rc3b3 f5
31.Re1g1 g5
32.h4 g4
33.h5 Be4d5
34.Rb3b6 Rd2e2
35.a3 Re2xe3
36.Kf2 Re3h3
{ resign }
0-1

[Event "Tourn. n8721"]
[Site "www.chess-mail.com"]
[Date "2016.05.05"]
[Round "1"]
[White "Mrmoto"]
[Black "Cal"]
[WhiteElo "1560"]
[BlackElo "1660"]
[Result "1-0"]
[Round "1"]
1.e4 e5
2.Ng1f3 d6
3.d4 exd4
4.Qd1xd4 h6
5.Qd4d1 Ng8f6
6.Nb1c3 Bc8g4
7.h3 Bg4h5
8.Bf1e2 c6
9.g4 Bh5g6
10.Nf3h4 Nf6h7
11.Nh4xg6 fxg6
12.h4 Bf8e7
13.Bc1e3 Be7f6
14.Be3d4 O-O
15.Bd4xf6 gxf6
16.f4 Rf8e8
17.Be2c4 Kg7
18.Qd1f3 b5
19.Bc4xb5 cxb5
20.Nc3d5 Nb8c6
21.O-O-O Nh7f8
22.h5 Nf8e6
23.Qf3c3 Ra8c8
24.hxg6 Nc6b8
25.Qc3h3 Re8h8
26.g5 fxg5
27.Qh3xe6 Qd8f8
28.f5 Nb8c6
29.f6 Kxg6
30.Nd5f4 gxf4
31.Rd1g1 Kh7
32.Qe6f5 { resign }
1-0

[Event "Tourn. n8734"]
[Site "www.chess-mail.com"]
[Date "2016.05.05"]
[Round "1"]
[White "Elogic"]
[Black "Ff333"]
[WhiteElo "1900"]
[BlackElo "1960"]
[Result "0-1"]
[Round "1"]
1.e4 e5
2.Bf1c4 Nb8c6
3.Ng1f3 Ng8f6
4.Nb1c3 h6
5.d4 exd4
6.Nf3xd4 Nc6e5
7.f4 Ne5xc4
 { time }
0-1

[Event "Tourn. n8728"]
[Site "www.chess-mail.com"]
[Date "2016.05.05"]
[Round "1"]
[White "Elogic"]
[Black "Matchbox"]
[WhiteElo "1860"]
[BlackElo "1800"]
[Result "0-1"]
[Round "1"]
1.d4 g6
2.e4 Bf8g7
3.Ng1f3 c6
4.Nb1d2 d5
5.exd5 cxd5
6.Bf1b5 Bc8d7
7.Bb5xd7 Nb8xd7
8.c4 Ng8f6
9.O-O O-O
 { time }
0-1

[Event "Tourn. n8693"]
[Site "www.chess-mail.com"]
[Date "2016.05.05"]
[Round "1"]
[White "Bojan"]
[Black "Difficult"]
[WhiteElo "2020"]
[BlackElo "1890"]
[Result "0-1"]
[Round "1"]
1.c4 e5
2.a3 Nb8c6
3.b4 a6
4.g3 d5
5.Qd1b3 Bc8e6
6.e3 Ng8f6
7.Bc1b2 dxc4
8.Bf1xc4 Be6xc4
9.Qb3xc4 Qd8d5
10.Qc4xd5 Nf6xd5
11.e4 Nd5f6
12.f3 O-O-O
13.Nb1c3 Nc6d4
14.O-O-O c6
15.Nc3a4 Bf8e7
16.Bb2c3 b5
17.Na4b2 c5
18.d3 cxb4
19.axb4 Nd4c6
20.Ng1e2 Kb7
21.d4 exd4
22.Ne2xd4 Nc6xd4
23.Bc3xd4 Rd8c8
24.Kb1 Be7xb4
25.g4 Rh8d8
26.e5 Nf6d5
27.Nb2d3 Rc8c4
28.Bd4b2 Nd5e3
29.Nd3c5 Rc4xc5
30.Rd1xd8 Ne3c4
31.Bb2d4 Nc4d2
32.Ka2 Rc5c2
33.Bd4b2 Bb4c3
34.Rd8xd2 Rc2xd2
35.Rh1b1 Rd2xh2
36.Kb3 Rh2xb2
37.Rb1xb2 Bc3xb2
38.Kxb2 a5
39.f4 Kc6
40.Kc3 Kc5
{ resign }
0-1

[Event "Match"]
[Site "www.echecsemail.com"]
[Date "2016.05.05"]
[Round "1"]
[White "Elogic"]
[Black "Fangshuo"]
[WhiteElo "1850"]
[BlackElo "2050"]
[Result "0-1"]
[Round "1"]
1.b3 e5
2.e4 Ng8f6
3.Bc1b2 Nb8c6
4.Bf1c4 Bf8e7
5.Nb1c3 O-O
6.Ng1e2 d6
7.d4 Bc8g4
8.f3 Bg4h5
 { time }
0-1